| 000 | 00640nam a2200181Ia 4500 | ||
|---|---|---|---|
| 008 | 150610s9999 xx 000 0 und d | ||
| 020 | _a9781416961222 | ||
| 050 |
_aGE195.7 _b.S57 2008 |
||
| 100 | _aSivertsen, Linda, 1964- | ||
| 245 |
_aGeneration green : _bthe ultimate teen guide to living an eco-friendly life / _cwritten by Linda Sivertsen and Tosh Sivertsen. |
||
| 250 | _a1st Simon Pulse ed. | ||
| 260 |
_aNew York : _bSimon Pulse, _c2008. |
||
| 300 |
_a248pages ; _c21 cm. |
||
| 520 | _a Environmental responsibility. | ||
| 650 | _bTeenagers and the environment. | ||
| 650 | _x Green movement. | ||
| 650 | _xSustainable living. | ||
| 999 |
_c288216 _d288216 |
||